Sports Quiz

Random Sports Quiz
Score 0/16 Timer 07:00
0 Plays Today
Classification Rider % Correct
General classificationGilberto Simoni
90.3%
Mountains classificationGilberto Simoni
90.3%
General classificationPaolo Savoldelli
89.3%
Points classificationAlessandro Petacchi
89.3%
General classificationJosé Rujano
86.4%
Mountains classificationJosé Rujano
86.4%
General classificationDanilo Di Luca
83.5%
Points classificationDanilo Di Luca
83.5%
Classification Rider % Correct
General classificationSerhiy Honchar
68%
General classificationVladimir Karpets
65%
Points classificationPaolo Bettini
57.3%
General classificationJuan Manuel Gárate
50.5%
General classificationEmanuele Sella
46.6%
Mountains classificationIvan Parra
42.7%
General classificationMarzio Bruseghin
41.7%
General classificationPietro Caucchioli
26.2%
Remove Ads.
Support Sporcle.
Get the best of Sporcle when you Go Orange. This ad-free experience offers more features, more stats, and more fun while also helping to support Sporcle. Thank you for becoming a member.

You're not logged in!

Compare scores with friends on all Sporcle quizzes.
OR
Log In

Show Comments

Extras

Created Oct 31, 2010SourceReportNominate
Tags:Cycling, giro

Top Quizzes Today


Score Distribution

Your Account Isn't Verified!

In order to create a playlist on Sporcle, you need to verify the email address you used during registration. Go to your Sporcle Settings to finish the process.

Report this User

Report this user for behavior that violates our Community Guidelines.

Details: